Gas turbine combustion (Record no. 75810)

MARC details
000 -LEADER
fixed length control field 00654nam a2200157 a 4500
008 - FIXED-LENGTH DATA ELEMENTS--GENERAL INFORMATION
fixed length control field 120416s0000 ||||||||||||||||| || u
020 ## - INTERNATIONAL STANDARD BOOK NUMBER
International Standard Book Number 0891168966
050 ## - LIBRARY OF CONGRESS CALL NUMBER
Classification number TJ 778 Lef
100 ## - MAIN ENTRY--PERSONAL NAME
Personal name Lefebvre, Arthur H
245 10 - TITLE STATEMENT
Title Gas turbine combustion
260 ## - PUBLICATION, DISTRIBUTION, ETC.
Place of publication, distribution, etc. Bristol, PA
Name of publisher, distributor, etc. T&F Hemisphere
Date of publication, distribution, etc. 1983
300 ## - PHYSICAL DESCRIPTION
Extent xvii, 531p. : ill
350 ## -
-- 0.00
995 ## -
-- MAIN LIBRARY OPEN ACCESS
-- 0.00
-- 727501
-- CBU-MAIN LIBRARY (Kitwe)
-- 2
-- 55.00
-- TJ 778 Lef
-- AVAILABLE
-- 025329
-- Main Library Open Access Collection
995 ## -
-- MAIN LIBRARY OPEN ACCESS
-- 0.00
-- 025330
-- CBU-MAIN LIBRARY (Kitwe)
-- 1
-- 55.00
-- TJ 778 Lef
-- LOST
-- 025330
-- Main Library Open Access Collection
999 ## -
-- 75810
-- 75810
Holdings
Withdrawn status Lost status Source of classification or shelving scheme Damaged status Not for loan Permanent Location Current Location Shelving location Date acquired Total Checkouts Full call number Barcode Date last seen Copy number Price effective from Koha item type
          CBU-MAIN LIBRARY, KITWE. CBU-MAIN LIBRARY, KITWE.   04/25/2023   TJ 778 Lef 025329 04/25/2023 1 04/25/2023 MONOGRAPH
          CBU-MAIN LIBRARY, KITWE. CBU-MAIN LIBRARY, KITWE.   04/25/2023   TJ 778 Lef 025330 04/25/2023 2 04/25/2023 MONOGRAPH